Các chiến lược trên thị trường chứng khoán nóng
Gespeichert in:
| 1. Verfasser: | |
|---|---|
| Format: | Buch |
| Sprache: | Undetermined |
| Veröffentlicht: |
Hà Nội
Lao động-xã hội
2007
|
| Schlagworte: | |
| Tags: |
Tag hinzufügen
Keine Tags, Fügen Sie den ersten Tag hinzu!
|
| Thư viện lưu trữ: | Trung tâm Học liệu Trường Đại học Cần Thơ |
|---|
| LEADER | 00681nam a2200193Ia 4500 | ||
|---|---|---|---|
| 001 | CTU_129103 | ||
| 008 | 210402s9999 xx 000 0 und d | ||
| 020 | |c 48000 | ||
| 082 | |a 332.642 | ||
| 082 | |b B531 | ||
| 100 | |a Berntein, Jake | ||
| 245 | 0 | |a Các chiến lược trên thị trường chứng khoán nóng | |
| 245 | 0 | |c Jake Bernstein; Đức Anh, Tinh Anh dịch; Vũ Văn Đồng hiệu đính | |
| 260 | |a Hà Nội | ||
| 260 | |b Lao động-xã hội | ||
| 260 | |c 2007 | ||
| 650 | |a Bank marketing,Stock exchanges,Thị trường chứng khoán | ||
| 904 | |i Tuyến | ||
| 980 | |a Trung tâm Học liệu Trường Đại học Cần Thơ | ||